000 01149nam a22002897a 4500
001 BRCA_9335
003 FranzMayer
005 20230918120827.0
008 230825b |||||||| |||| 00| 0 eng d
020 _a0917418999
040 _aMFM
_besp
_cMFM
050 0 _aN582.M3
_b.A44 1995
110 1 _4Responsable
_aThe American Federations of Art
_929184
240 _aAmerican Art from the Currier Gallery of Art
_lInglés
245 0 _aAmerican Art from the Currier Gallery of Art
260 _aHong, Kong. China
_bThe American Federation of Arts
_c1995
300 _a176 p
_bIlustraciones a color
_c31 cm
500 _aAnexo 1
505 _aTexto en: inglésIncluye índice temáticoDirigido a: artistas, museógrafos, historiadores de arte.
650 1 _2Artes visuales
_aMuseos y galerias
_vExposiciones individuales
_929185
651 2 _2Museos de Estados Unidos de América
_aMinneapolis
_vCurrier Gallery of Art
_929186
700 1 _4Coord.
_aMitchell, Michaelyn
_929187
700 1 _4Dis.
_aHomans, Katy
_929188
700 1 _4Dis.
_aZeidenberg, Deborah,
_929189
700 1 _4Transcriptor
_aSalomon, Stephanie
_929190
942 _2lcc
_cB
999 _c10957
_d10957